000 00226nam a2200085Ia 4500
245 0 _aWhat should we wear?
100 _a NICHOLS, Jennifer Harlow, 2004
_979939
942 _cBK
008 210817s9999 xx 000 0 und d
999 _c279546
_d279545